| 000 | 00410nam a22001697a 4500 | ||
|---|---|---|---|
| 005 | 20160613134018.0 | ||
| 008 | 160613b xxu||||| |||| 00| 0 eng d | ||
| 020 | _a81-259-1374-2 | ||
| 041 | _aeng | ||
| 082 | _b7201 | ||
| 100 |
_aNanda, Meena _91782 |
||
| 245 | _aBoss Management | ||
| 260 |
_aNew Delhi _bVikas Publishing House (P) Ltd. _c2003 |
||
| 300 | _a218 | ||
| 650 |
_aManagement _9241 |
||
| 942 | _cBK | ||
| 999 |
_c2505 _d2504 |
||